01494cam a2200301 a 450000100090000000300050000900500170001400800410003101000170007202000150008904000180010404200080012205000230013008200170015310000320017024501030020224600350030525000490034026000410038930000320043050504610046265000310092370000350095490600450098994200120103499900190104695201270106517344273NUST20221101123729.0120613s2014 maua b 001 0 eng  a 2012021184 a032184890X aDLCcDLCdDLC apcc00aQA303.2b.G66 201400a515, GOL223 aGoldstein, Larry J.910154200aCalculus & its applications.cLarry J. Goldstein,David C. Lay, David I. Schneider,Nakhle H. Asmar3 aCalculus and its applications. a13th ed. /bLarry J. Goldstein ... [et al.]. aBoston :bPearson Education,cc2014. a570: pages bill. ;c29 cm. aFunctions (Page-1), The Derivative (Page-59), Application of the Derivative (Page-141), Techniques of Differentiation (Page-215), The Exponential and Natural Logarithms Functions (Page-247), Applications of the Exponential and natural Logarithm Function (Page-283), The Definite Integral (Page-321), Functions of Several Variables (Page-381), The Trigonometric Functions (Page-429), Techniques of Integration (Page-459), Differential Equations (Page-503).  0aCalculusvTextbooks.945071 aGoldstein, Larry Joel.9101543 a7bcbccorignewd1eecipf20gy-gencatlg 2ddccBK c592060d592060 00102ddc4070aMCSbMCScGENd2022-10-27o515,GOLpMCS38298r2022-10-27w2022-10-27yBKzAlmirah Fresh No.44, Shelf No.5